000 00838nam a22002537a 4500
001 4629
003 FISKH
005 20240918120954.0
008 240918b cb ||||| |||| 00| 0 eng d
020 _a0316738247
040 _aFISKH
_beng
_cFISKH
_dFISKH
050 _aPZ7.S75663
082 _2371
100 _aSpinelli, Jerry
_d1941-
245 _aManiac Magee /
_cA novel by Jerry Spinelli
250 _aFirst paperback edition in 1999
260 _aNew York :
_bLittle, Brown and Company,
_c1999.
300 _a184 pages :
_c19cm
520 _aAfter his parents die, Jeffrey Lionel Magee's life becomes legendary, as he accomplishes athletic and other feats which awe his contemporaries.
650 _2Realistic fiction
_aYoung adult
_vFriendship
650 _2Newbery Medal
_aHomelessness
942 _2ddc
_cBK
_n0
999 _c4629
_d4629